[Event "Cullera op-B 29th"]
[Site "Cullera"]
[Date "2012.08.30"]
[Round "8"]
[White "Padilla Mendez, Vicente"]
[Black "Goria Egidazu, Jon Axel"]
[Result "0-1"]
[WhiteElo "1842"]
[BlackElo "1908"]
[PlyCount "40"]
[EventDate "2012.08.25"]
[EventType "swiss"]
[EventRounds "9"]
[EventCountry "ESP"]
[SourceTitle "CBM 150 Extra"]
[Source "ChessBase"]
[SourceDate "2012.10.19"]
[SourceVersion "1"]
[SourceVersionDate "2012.10.19"]
[SourceQuality "1"]

1. d4 Nf6 2. c4 e6 3. Nc3 Bb4 4. Qc2 Nc6 5. Nf3 d6 6. a3 Bxc3+ 7. Qxc3 0-0 8. Bg5 h6 9. Bh4 e5 10. dxe5 Nxe5 11. Nxe5 dxe5 12. Qxe5 g5 13. Bg3 Re8 14. Rd1 Bd7 15. Qc3 Qe7 16. f3 a5 17. h4 g4 18. h5 Ra6 19. Bh4 Re6 20. Bxf6 Rxe2+ 0-1

[Event "Cullera op-B 29th"]
[Site "Cullera"]
[Date "2012.08.29"]
[Round "7"]
[White "Goria Egidazu, Jon Axel"]
[Black "Ortega Gadea, Santiago"]
[Result "1/2-1/2"]
[WhiteElo "1908"]
[BlackElo "2047"]
[PlyCount "55"]
[EventDate "2012.08.25"]
[EventType "swiss"]
[EventRounds "9"]
[EventCountry "ESP"]
[SourceTitle "CBM 150 Extra"]
[Source "ChessBase"]
[SourceDate "2012.10.19"]
[SourceVersion "1"]
[SourceVersionDate "2012.10.19"]
[SourceQuality "1"]

1. e4 g6 2. d4 Bg7 3. Nf3 d6 4. Nc3 Nf6 5. Be2 0-0 6. 0-0 e5 7. dxe5 dxe5 8. Qxd8 Rxd8 9. Bg5 Re8 10. Rad1 a6 11. Bc4 Nbd7 12. h3 Nb6 13. Bb3 Bd7 14. Nd2 Bc6 15. f3 Nfd7 16. Nc4 Bf8 17. Na5 Kg7 18. Nxc6 bxc6 19. Na4 Nc5 20. Nxc5 Bxc5+ 21. Kh1 f6 22. Bh4 Rad8 23. g4 Rd6 24. Rxd6 cxd6 25. Rd1 Rd8 26. Be1 d5 27. exd5 cxd5 28. Ba5 1/2-1/2